000 00304nam a22001337a 4500
008 170414b xxu||||| |||| 00| 0 eng d
020 _a9780805380897
041 _aeng
080 _a612.39
100 _a10
101 _aSHM
245 _aNUTRITION: AN APPLIED APPROACH
_cTHOMPSON, J
942 _2udc
_cBK
999 _c10759
_d10759